000
00216nam a22000857a 4500
999
_c
11693
_d
11693
008
191203b ||||| |||| 00| 0 eng d
100
_a
Jonas Ann
_9
7392
245
_a
The Trek
260
_a
New York
_b
Greenwillow Books
_c
1985